Guess 30 Lille footballers by image - Statistics

General Stats
  • This quiz has been taken 133 times
  • The average score is 19 of 30
Answer Stats
Picture Answer % Correct
Eden Hazard
93%
Mike Maignan
92%
Gervinho
91%
Pierre-Emerick Aubameyang
88%
Renato Sanches
86%
Benjamin Pavard
85%
Victor Osimhen
82%
José Fonte
81%
Dimitri Payet
80%
Rafael Leao
80%
Lucas Digne
79%
Burak Yilmaz
75%
Gabriel Magalhães
74%
Patrick Kluivert
72%
Nicolas Pepe
70%
Jonathan David
68%
Simon Kjaer
65%
Salomon Kalou
51%
Joe Cole
48%
Yohan Cabaye
47%
Idrissa Gueye
45%
Sven Botman
45%
Djibril Sidibe
44%
Divock Origi
43%
Loic Remy
43%
Adil Rami
42%
Timothy Weah
40%
Éric Abidal
30%
Mathieu Debuchy
23%
Michel Bastos
23%
No matching quizzes found
Score Distribution
Percent of People with Each Score
Percentile by Number Answered
Your Score History
You have not taken this quiz